000 00388nam a2200133Ia 4500
008 211109s9999||||xx |||||||||||||| ||und||
082 _a894.8121
_bNAR-K
100 _aNarayanan Nair, Pala
245 0 _aKeralam Valarunnu
260 _bUnknown Publisher
_aNo Place
_c2012
630 _xGeneral Stack
650 _aMalayalam Literature
_vMalayalam PoetryLiterature
_xGeneralia
942 _cBOOK
999 _c33011
_d33011